01817nam a2200397 a 4500001001200000003000800012006001900020007001500039008004100054010001700095020002600112020002200138040002100160035002000181050002300201082001900224245018200243260007000425300001500495490005600510500016900566504005100735533015200786630001600938650004300954651005500997655002901052700003701081700003201118700002701150700001901177710001701196740002301213830005701236856012601293ebr10062256CaPaEBRm u cr cn|||||||||020731s2003 enk sb 001 0 eng  z 2002031223 z052180650X (hardback) z0521001218 (pbk.) aCaPaEBRcCaPaEBR a(OCoLC)5613103114aJK155b.F42 2003eb04a342.73/02922104aThe Federalisth[electronic resource] /cAlexander Hamilton, James Madison, and James Jay (writing as Publius). With The letters of Brutus / [both works] edited by Terence Ball. aCambridge, U.K. ;aNew York :bCambridge University Press,c2003. alv, 575 p.1 aCambridge texts in the history of political thought aPresents all eighty-five Federalist papers written by the pseudonymous Publius, along with the sixteen letters of Brutus, the still unknown New York Antifederalist. aIncludes bibliographical references and index. aElectronic reproduction.bPalo Alto, Calif. :cebrary,d2013.nAvailable via World Wide Web.nAccess may be limited to ebrary affiliated libraries.00aFederalist. 0aConstitutional historyzUnited States. 0aUnited StatesxPolitics and governmenty1783-1789. 7aElectronic books.2local1 aHamilton, Alexander,d1757-1804.1 aMadison, James,d1751-1836.1 aJay, John,d1745-1829.1 aBall, Terence.2 aebrary, Inc.02aLetters of Brutus. 0aCambridge texts in the history of political thought.40uhttp://site.ebrary.com/lib/rucke/Doc?id=10062256zAn electronic book accessible through the World Wide Web; click to view